Implementation of EMI (English as medium of instruction) in Tomsk Polytechnic University; 10th International Technology, Education and Development Conference (INTED2016), Valencia, Spain, 7-9 March, 2016
| Parent link: | 10th International Technology, Education and Development Conference (INTED2016), Valencia, Spain, 7-9 March, 2016.— 2016.— [P. 5036-5040] |
|---|---|
| প্রধান লেখক: | |
| সংস্থা লেখক: | |
| অন্যান্য লেখক: | , |
| সংক্ষিপ্ত: | Title screen Today the English language plays a big role in training future engineers. Recruiters need engineers having not only professional fundamental and practical skills but also English skills for finding information in the Internet; reading actual information from professional fields in books, scientific papers; communicating with foreign colleagues in conferences, forums and etc. Moreover, English is a main language for publication in technical scientific journals. Режим доступа: по договору с организацией-держателем ресурса |
| ভাষা: | ইংরেজি |
| প্রকাশিত: |
2016
|
| বিষয়গুলি: | |
| অনলাইন ব্যবহার করুন: | http://dx.doi.org/10.21125/inted.2016.2277 |
| বিন্যাস: | বৈদ্যুতিক গ্রন্থের অধ্যায় |
| KOHA link: | https://koha.lib.tpu.ru/cgi-bin/koha/opac-detail.pl?biblionumber=652299 |
MARC
| LEADER | 00000naa0a2200000 4500 | ||
|---|---|---|---|
| 001 | 652299 | ||
| 005 | 20250902093958.0 | ||
| 035 | |a (RuTPU)RU\TPU\network\17571 | ||
| 035 | |a RU\TPU\network\15507 | ||
| 090 | |a 652299 | ||
| 100 | |a 20161216d2016 k||y0rusy50 ba | ||
| 101 | 0 | |a eng | |
| 102 | |a ES | ||
| 135 | |a drcn ---uucaa | ||
| 181 | 0 | |a i | |
| 182 | 0 | |a b | |
| 200 | 1 | |a Implementation of EMI (English as medium of instruction) in Tomsk Polytechnic University |f O. V. Solodovnikova, Yu. A. Zeremskaya, E. V. Zhitkova | |
| 203 | |a Text |c electronic | ||
| 300 | |a Title screen | ||
| 330 | |a Today the English language plays a big role in training future engineers. Recruiters need engineers having not only professional fundamental and practical skills but also English skills for finding information in the Internet; reading actual information from professional fields in books, scientific papers; communicating with foreign colleagues in conferences, forums and etc. Moreover, English is a main language for publication in technical scientific journals. | ||
| 333 | |a Режим доступа: по договору с организацией-держателем ресурса | ||
| 463 | 1 | |t 10th International Technology, Education and Development Conference (INTED2016), Valencia, Spain, 7-9 March, 2016 |o proceedings |v [P. 5036-5040] |d 2016 | |
| 610 | 1 | |a электронный ресурс | |
| 610 | 1 | |a труды учёных ТПУ | |
| 610 | 1 | |a английский язык | |
| 610 | 1 | |a обучение | |
| 610 | 1 | |a ТПУ | |
| 610 | 1 | |a инженеры | |
| 610 | 1 | |a english as medium of instruction | |
| 610 | 1 | |a university | |
| 610 | 1 | |a curriculum | |
| 610 | 1 | |a engineering training | |
| 610 | 1 | |a international students | |
| 700 | 1 | |a Solodovnikova |b O. V. |c linguist |c Associate Professor of Tomsk Polytechnic University, Candidate of philosophical sciences |f 1971- |g Olga Vladimirovna |3 (RuTPU)RU\TPU\pers\33079 |9 16911 | |
| 701 | 1 | |a Zeremskaya |b Yu. A. |c linguist |c Associate Professor of Tomsk Polytechnic University, Candidate of philological sciences |f 1980- |g Yuliya Aleksandrovna |3 (RuTPU)RU\TPU\pers\31966 |9 16026 | |
| 701 | 1 | |a Zhitkova |b E. V. |g Elena Viktorovna | |
| 712 | 0 | 2 | |a Национальный исследовательский Томский политехнический университет (ТПУ) |b Институт социально-гуманитарных технологий (ИСГТ) |b Кафедра иностранных языков (ИЯСГТ) |3 (RuTPU)RU\TPU\col\18376 |
| 801 | 2 | |a RU |b 63413507 |c 20170404 |g RCR | |
| 856 | 4 | |u http://dx.doi.org/10.21125/inted.2016.2277 | |
| 942 | |c CF | ||